Welfare and development administration in India / (Record no. 151731)

MARC details
000 -LEADER
fixed length control field 00735nam a22001937a 4500
005 - DATE AND TIME OF LATEST TRANSACTION
control field 20180424140132.0
010 ## - LCCN (DPL NO)
LC control number B-691587-588
020 ## - INTERNATIONAL STANDARD BOOK NUMBER
Terms of availability 950.00
International Standard Book Number 9788182205345
035 ## - SYSTEM CONTROL NUMBER
System control number B-691587-588
037 ## - SOURCE OF ACQUISITION
Source of stock number/acquisition R.K.Books
082 ## - DEWEY DECIMAL CLASSIFICATION NUMBER
Classification number 361.30954
100 ## - MAIN ENTRY--PERSONAL NAME
Personal name Kaushik, Archana
245 ## - TITLE STATEMENT
Title Welfare and development administration in India /
Statement of responsibility, etc by Archana Kaushik
260 ## - PUBLICATION, DISTRIBUTION, ETC. (IMPRINT)
Place of publication, distribution, etc New Delhi
Name of publisher, distributor, etc Global Vision Pub.
Date of publication, distribution, etc 2013
270 ## - ADDRESS
Address 5 Ansari Road, Darayaganj
City New Delhi
Postal code 110002
300 ## - PHYSICAL DESCRIPTION
Extent 992p.
Dimensions 23cm(pbk)
942 ## - ADDED ENTRY ELEMENTS (KOHA)
Source of classification or shelving scheme Dewey Decimal Classification
Item type English Books
Call number suffix KAU
Classification part 361.30954
Holdings
Withdrawn status Lost status Not for loan Collection code Home library Current library Date acquired Source of acquisition Cost, normal purchase price Full call number Barcode Copy number Cost, replacement price Koha item type
      Non-fiction Bawana Bawana 24/04/2018 R.K.Books IN4122/17-18/26.03.2018/897/23.03.2018/27.03.2018 950.00 361.30954 KAU B-691588 1 950.00 English Books
      Non-fiction Narela Narela 24/04/2018 R.K.Books IN4122/17-18/26.03.2018/897/23.03.2018/27.03.2018 950.00 361.30954 KAU B-691587 1 950.00 English Books

© Delhi Public Library
Hit Counter
free hit counter